000 02210nam a2200277Ii 4500
008 221202s xx 000 0 und d
245 0 _aClassical Music
246 _aContemporary Perspectives and Challenges
264 _bOpen Book Publishers
_c2021
300 _a1 online resource (252 pages)
336 _atext
_btxt
_2rdacontent
337 _acomputer
_bc
_2rdamedia
338 _aonline resource
_bcr
_2rdacarrier
520 _aThis kaleidoscopic collection reflects on the multifaceted world of classical music as it advances through the twenty-first century. With insights drawn from leading composers, performers, academics, journalists, and arts administrators, special focus is placed on classical music's defining traditions, challenges and contemporary scope. Innovative in structure and approach, the volume comprises two parts. The first provides detailed analyses of issues central to classical music in the present day, including diversity, governance, the identity and perception of classical music, and the challenges facing the achievement of financial stability in non-profit arts organizations. The second part offers case studies, from Miami to Seoul, of the innovative ways in which some arts organizations have responded to the challenges analyzed in the first part. Introductory material, as well as several of the essays, provide some preliminary thoughts about the impact of the crisis year 2020 on the world of classical music. Classical Music: Contemporary Perspectives and Challenges will be a valuable and engaging resource for all readers interested in the development of the arts and classical music, especially academics, arts administrators and organizers, and classical music practitioners and audiences.
653 _a Composers
653 _a Musicians
653 _a Performers
653 _a Twenty-First Century
653 _aClassical Music
700 1 _a0000-0002-3220-8354
700 1 _a600
700 1 _aBeckerman, Michael
700 1 _aBoghossian, Paul
856 _uhttps://docs.google.com/spreadsheets/d/1yKIrdCPDAG_9c22mwoOIO2DOhtj65Wqa/edit?usp=sharing&ouid=106555315294820607512&rtpof=true&sd=true
_yList of Curated E-Books
942 _cE-BOOK
999 _c92349
_d92346